Gianna, Rino Gaetano - Testo Completo - Statistics

Statistiche generali
  • Questo quiz è stato fatto 43 volte
  • Il punteggio medio è 280 su 328
Statistiche sulle risposte
Testo % Corretto
e
100%
è
100%
Gianna,
100%
Gianna
100%
c'
97%
di
97%
Di
97%
l'
97%
la
97%
La
97%
là,
97%
a
94%
chi
94%
diverso,
94%
evviva
94%
fatto
94%
festa
94%
finita,
94%
i
94%
il
94%
Il
94%
Ma
94%
ma
94%
mondo
94%
o
94%
se
94%
sesso,
94%
si
94%
un
94%
Un
94%
vedrà
94%
vita
94%
vivrà
94%
comincia
91%
illusioni
91%
notte
91%
per
91%
amore
89%
fare
89%
gente
89%
non
89%
sosteneva
89%
sveste,
89%
86%
minuto
86%
perdeva
86%
dottore
83%
eccezionale
83%
fiuto
83%
neanche
83%
tartufo
83%
tesi
83%
aveva
80%
ce
80%
che
80%
Con
80%
dove
80%
Dove
80%
fai?
80%
pareti
80%
suo
80%
vai?
80%
vai,
80%
canzoni
77%
coccodrillo
77%
hai?
77%
pigmalione
77%
prometteva
77%
qua,
77%
salario
77%
sei?
77%
Vieni
77%
vieni
77%
dall'
74%
fiumi
74%
inflazione
74%
UFO
74%
vuoi?
74%
credeva
71%
difendeva
71%
cercava
66%
mai
63%
Tu
63%
sempre
60%
stai?
60%
dai
57%
Fatti
57%
fatti
57%
Prendi
57%
prendi
57%
tuoi
57%
prende
51%
Butta
43%
Nessun quiz corrispondente trovato
Distribuzione punteggi
Percentuale di utenti per punteggio
Percentile per numero di risposta
I tuoi punteggi nel tempo
Non hai fatto questo quiz